000 01946cam a22004217a 4500
003 CHAP
005 20220329133725.0
008 971013s1992 r 00010 d
010 _a9994
011 _a10966
035 _a10204
040 _cCHAP
082 0 _a575.1
_bS82Y 1991
100 0 0 _aStansfield, William D.
_9109468
245 1 0 _aGenética
260 _aMéxico, D.F. :
_bMcGraw-Hill,
_c1992
300 _a574 p.
_b: ilus
500 _aTrad. de : Schaum's outline of genetics, de la 3ed. en inglés de 1991
590 _aBATCH-UPD
_b10
_c20130110
_lUCH01
_h0023
590 _aBATCH-UPD
_b10
_c20130110
_lUCH01
_h1816
590 _aBATCH-UPD
_b10
_c20130410
_lUCH01
_h1150
590 _aBATCH-UPD
_b10
_c20130914
_lUCH01
_h1534
590 _aCONVERSION
_b10
_c20130109
_lUCH01
_h1306
650 1 4 _aGenética.
_947469
901 _aBK
942 _cLIBRO
949 _a575.1 S82Y 1991
_bBC
_cLIBRO
_d33724000400784
_eLIBRO
_fc.8
_gI.c/e
_h85529
_i10204
_si
_t50.00
949 _a575.1 S82Y 1991
_bBC
_cLIBRO
_d33724000400909
_eLIBRO
_fc.2
_gI.c/e
_h85523
_i10204
_so
_t50.00
949 _a575.1 S82Y 1991
_bBC
_cLIBRO
_d33724000401022
_eLIBRO
_fc.10
_gI.c/e
_h85531
_i10204
_si
_t50.00
949 _a575.1 S82Y 1991
_bBC
_cLIBRO
_d33724000572947
_eLIBRO
_fc.6
_gI.c/e
_h85527
_i10204
_si
_t50.00
949 _a575.1 S82Y 1991
_bBC
_cLIBRO
_d33724000828646
_eLIBRO
_fc.3
_gI.c/e
_h85524
_i10204
_si
_t50.00
949 _a575.1 S82Y 1991
_bBC
_cLIBRO
_d33724000883500
_eLIBRO
_fc.5
_h85526
_i10204
_so
949 _a575.1 S82Y 1991
_bBC
_cLIBRO
_d33724000884706
_eLIBRO
_fc.11
_h44283
_i10204
_so
_t50.00
949 _a575.1 S82Y 1991
_bBC
_cLIBRO
_d33724000943155
_eLIBRO
_gI.c/e
_h85522
_i10204
_so
_t50.00
949 _a575.1 S82Y 1991
_bBC
_cLIBRO
_d33724000987665
_eLIBRO
_fc.4
_gI.c/e
_h85525
_i10204
_si
_t50.00
949 _a575.1 S82Y 1991
_bBC
_cLIBRO
_d33724002019264
_eLIBRO
_fc.9
_h85530
_i10204
_si
949 _a575.1 S82Y 1991
_bBC
_cLIBRO
_d33724002019306
_eLIBRO
_fc.7
_gI.c/e
_h85528 Sust.X
_i10204
_si
_t50.00
999 _c9994
_d9994